000 00706nam a22002417a 4500
003 UA-OsUOA
001 116330
007 ta
008 20160225b un ||||| |||| 00| 0 ukr d
100 _aKузнєцова Н. С.
090 _a340.1(477.1)
_bК89
942 _cBK
040 _aUA-OsUOA
_bukr
_cUA-OsUOA
_dUA-OsUOA
245 _aВибрані праці
300 _a544 с.
955 _a2
041 _aukr
080 _a340.1(477.1)
020 _a978-966-2578-59-1
260 _aК.
_bЮридична практика
_c2014
650 7 _a340 Право в цілому. Пропедевтика. Методи та допоміжні правничі науки
_2UDC
999 _c402217
_d402217